000 00749nam a22002297a 4500
005 20170124110211.0
010 _aA-709704
020 _c00.00
_a8170330742
035 _aA-709704
037 _bCen Lib/Ret
040 _aDPL
_bEN
082 _a398.2
_bDEV
100 _aDeva, Indra
_938179
245 _aFolk culture and peasant society in India /
_cby Indra Deva
260 _bRawat
_aJaipur
_c1989
270 _bJaipur
_a30-Na-20, Jawahar Nagar
_e302004
300 _aii,368p.
_c23cm(Hb)
500 _aIncludes bibliographical references and index
650 _aFolk literature, Bhojpuri -- India -- Bihar
_938180
650 _aFolk literature, Bhojpuri -- India -- Uttar Pradesh
_938181
942 _2ddc
_cEN
_h398.2
_mDEV
999 _c133525
_d133525